|
|
|
|
| LEADER |
00000cam a22000002c 4500 |
| 001 |
1650976836 |
| 003 |
DE-627 |
| 005 |
20241130000021.0 |
| 007 |
tu |
| 008 |
900712s1985 xx ||||| 00| ||eng c |
| 020 |
|
|
|a 2710302586
|9 2-7103-0258-6
|
| 035 |
|
|
|a (DE-627)1650976836
|
| 035 |
|
|
|a (DE-576)020983921
|
| 035 |
|
|
|a (DE-599)BSZ020983921
|
| 035 |
|
|
|a (OCoLC)14098059
|
| 035 |
|
|
|a (DE-604)8005711169
|
| 040 |
|
|
|a DE-627
|b ger
|c DE-627
|e rakwb
|
| 041 |
|
|
|a eng
|
| 100 |
1 |
|
|8 1\p
|a Troisier, Solange
|d 1919-2008
|0 (DE-588)1151725919
|0 (DE-627)1012233111
|0 (DE-576)498039102
|4 aut
|
| 109 |
|
|
|a Troisier, Solange 1919-2008
|
| 245 |
1 |
0 |
|a J'étais médecin des prisons
|b l'affaire des grâces médicales; récit
|
| 264 |
|
1 |
|a Paris
|b La Table Ronde
|c 1985
|
| 300 |
|
|
|a 223 S.
|
| 336 |
|
|
|a Text
|b txt
|2 rdacontent
|
| 337 |
|
|
|a ohne Hilfsmittel zu benutzen
|b n
|2 rdamedia
|
| 338 |
|
|
|a Band
|b nc
|2 rdacarrier
|
| 500 |
|
|
|a [Prison physicians, France]
|
| 583 |
1 |
|
|a Archivierung prüfen
|c 20200919
|f DE-640
|z 1
|2 pdager
|
| 883 |
|
|
|8 1\p
|a cgwrk
|d 20241001
|q DE-101
|u https://d-nb.info/provenance/plan#cgwrk
|
| 951 |
|
|
|a BO
|
| ELC |
|
|
|b 1
|
| LOK |
|
|
|0 000 xxxxxcx a22 zn 4500
|
| LOK |
|
|
|0 001 3340700184
|
| LOK |
|
|
|0 003 DE-627
|
| LOK |
|
|
|0 004 1650976836
|
| LOK |
|
|
|0 005 19900712000000
|
| LOK |
|
|
|0 008 900712||||||||||||||||ger|||||||
|
| LOK |
|
|
|0 040
|a DE-21
|c DE-627
|d DE-21
|
| LOK |
|
|
|0 852
|a DE-21
|
| LOK |
|
|
|0 852 1
|c KB 18 A 1334
|9 00
|
| LOK |
|
|
|0 935
|a krim
|
| LOK |
|
|
|0 936ln
|a k1
|
| LOK |
|
|
|0 939
|a 12-07-90
|b l01
|
| ORI |
|
|
|a SA-MARC-krimdoka001.raw
|
| SIG |
|
|
|a UB: KB 18 A 1334
|